000 00729nam a22002177a 4500
999 _c9210
_d9210
001 9210
003 OSt
005 20180311102443.0
008 180214b1977 bg |||| ||a| 000 0 ben d
035 _a(BD-JhCC)9210
040 _aBD-JhCC
_dBD-JhCC
041 _aben
082 _a320.12
_bKHA 1977
100 _aখান, মোহম্মদ দরবেশ আলী
245 _aপ্রেটো ও এরিস্টটলের রাজনৈতিক চিন্তা /
_cমোহম্মদ দরবেশ আলী খান
260 _aঢাকা :
_bমুক্তধারা,
_c1977.
300 _a576 p. :
_c22 cm.
650 _aPolitical Science
942 _2ddc
_cBK